00623nam a2200205Ia 4500003000900000008004100009040001600050080001500066100002300081245006200104260004700166300001500213490002900228650001800257650002200275650001000297942000700307999001300314952009000327IN-BaIIA211028s9999 xx 000 0 eng d cIIA Library a524.3bBOK aBok, Bart J.91250 4aThe distribution of the stars in spacecBart J Bok  aChicagobUniversity of Chicago Pressc1937 axvi, 124p. aAstrophysical monographs aAstronomy980 aAstrophysics9794 aStars cBK c556d556 00104070aBANbBANcGENd0000-00-00l0o524.3/ BOKp575r2021-11-05w0000-00-00yBK